El arte develado. Consideraciones estéticas sobre la hermenéutica de Gadamer
Uloženo v:
| Hlavní autor: | |
|---|---|
| Médium: | Kniha |
| Jazyk: | španělština |
| Vydáno: |
Ciudad de México
Herder
2005
|
| Témata: | |
| Tagy: |
Přidat tag
Žádné tagy, Buďte první, kdo vytvoří štítek k tomuto záznamu!
|
MARC
| LEADER | 00000nam a2200000 a 4500 | ||
|---|---|---|---|
| 001 | UCI1928 | ||
| 003 | CL-VaPUC | ||
| 008 | 070727e20050000MX |||||||||||||||||spa|d | ||
| 020 | |a 9685807132 | ||
| 082 | 0 | 4 | |a 121.686 |b GON |2 21 |
| 100 | 0 | |a González Valerio, María Antonia |e author |9 522743 | |
| 245 | 1 | 3 | |a El arte develado. Consideraciones estéticas sobre la hermenéutica de Gadamer |
| 300 | |a 170 p | ||
| 942 | |c BK | ||
| 945 | |d 20070727 00:00:00 |a rbrito | ||
| 260 | |a Ciudad de México |b Herder |c 2005 | ||
| 600 | 0 | 7 | |a GADAMER, HANS-GEORG |2 CL-VaPUC |9 373562 |
| 650 | 0 | |a Hermenéutica |9 269473 | |
| 650 | 0 | |a Análisis del discurso |9 256696 | |
| 650 | 0 | |a Estética |9 264950 | |
| 583 | |a last modification |c 20070727 00:00:00 |k Rodrigo Vera | ||
| 999 | |c 326616 |d 326614 | ||
| 952 | |0 0 |1 0 |4 0 |6 121_686000000000000_GON_2005 |7 0 |8 A |9 408640 |a BIBEDU |b BIBEDU |d 2019-11-22 |i 4358236 |o 121.686 GON 2005 |p 4358236 |r 2019-11-22 |w 2019-11-22 |y BK |k FIL | ||